|
|
|
|
| LEADER |
00000nab a2200000 ar4500 |
| 001 |
vtls009478043 |
| 003 |
SK-MaSNL |
| 005 |
20260304055356.0 |
| 008 |
090227c2009 xo mr|p|||||||000 b|slo |
| 015 |
|
|
|a SNBRB2009/02
|2 snkbucl
|
| 040 |
|
|
|a SNKBUCL
|b slo
|c SNKBUCL
|e AACR2
|
| 041 |
0 |
|
|a slo
|
| 044 |
|
|
|a xo
|c SK
|
| 080 |
|
|
|a 94(569.4-076)
|2 2001
|
| 100 |
1 |
|
|a Greguš, Peter,
|d 1946-
|4 aut
|9 104052
|
| 245 |
1 |
0 |
|a Na mŕtvom bode
|b historické korene izraelsko-palestínskeho konfliktu
|c Peter Greguš
|
| 300 |
|
|
|b Fotogr.
|
| 650 |
0 |
7 |
|a Palestínčania
|2 snkbucl
|9 847012
|
| 650 |
0 |
7 |
|a arabsko-izraelské konflikty
|2 snkbucl
|9 4758
|
| 650 |
0 |
7 |
|a dejiny
|2 snkbucl
|9 3825
|
| 651 |
|
7 |
|a Gaza (územie)
|2 snkbucl
|9 79028
|
| 651 |
|
7 |
|a Izrael
|2 snkbucl
|9 16888
|
| 773 |
0 |
|
|t Extra plus
|g Roč. 9, február (2009), s. 28-29
|x 1336-0256
|
| 852 |
|
|
|a SNK
|b KIS3GCP
|
| 958 |
|
|
|a IL
|
| 999 |
|
|
|c 2723949
|d 2725879
|